Mấy vấn đề về văn hóa làng xã Việt Nam trong lịch sử

Đã lưu trong:
书目详细资料
主要作者: Phan, Đại Doãn
格式: 图书
语言:Undetermined
出版: Hà Nội Chính trị Quốc gia 2004
标签: 添加标签
没有标签, 成为第一个标记此记录!
Thư viện lưu trữ: Trung tâm Học liệu Trường Đại học Cần Thơ
LEADER 00540nam a2200181Ia 4500
001 CTU_111643
008 210402s9999 xx 000 0 und d
020 |c 22000 
082 |a 959.7 
082 |b D406 
100 |a Phan, Đại Doãn 
245 0 |a Mấy vấn đề về văn hóa làng xã Việt Nam trong lịch sử 
245 0 |c Phan Đại Doãn 
260 |a Hà Nội 
260 |b Chính trị Quốc gia 
260 |c 2004 
904 |i Giang 
980 |a Trung tâm Học liệu Trường Đại học Cần Thơ